[Event "Erfurt op-B 28th"]
[Site "Erfurt"]
[Date "2018.12.27"]
[Round "3"]
[White "Haag, Wadim"]
[Black "Aniol, Adrian"]
[Result "1/2-1/2"]
[WhiteElo "1769"]
[BlackElo "1885"]
[PlyCount "74"]
[EventDate "2018.12.26"]
[EventType "swiss"]
[EventRounds "8"]
[EventCountry "GER"]
[SourceTitle "EXT 2021"]
[Source "ChessBase"]
[SourceDate "2020.10.23"]
[SourceVersion "1"]
[SourceVersionDate "2020.10.23"]
[SourceQuality "1"]

1. d4 Nf6 2. Nf3 g6 3. Bf4 Bg7 4. e3 0-0 5. h3 d5 6. Bd3 c5 7. c3 cxd4 8. exd4 Nc6 9. 0-0 Ne4 10. Nbd2 Bf5 11. Re1 Nxc3 12. bxc3 Bxd3 13. Nb3 Bc4 14. Nc5 b6 15. Nd3 Rc8 16. Nde5 Nxe5 17. Nxe5 f6 18. Nxc4 Rxc4 19. Qe2 e5 20. Bd2 exd4 21. Qe6+ Kh8 22. cxd4 Rxd4 23. Bc3 Rc4 24. Bb2 f5 25. Bxg7+ Kxg7 26. Rad1 Rc5 27. h4 Qf6 28. Qd7+ Rf7 29. Qe8 Qxh4 30. Rd3 d4 31. Rh3 Qf4 32. Rxh7+ Kxh7 33. Qxf7+ Kh6 34. Qf8+ Kg5 35. Qe7+ Kh5 36. g3 Qg5 37. Qh7+ Qh6 1/2-1/2

[Event "GER-chT U12"]
[Site "Verden"]
[Date "2014.12.27"]
[Round "2.4"]
[White "Aniol, Adrian"]
[Black "Schoch, Justus"]
[Result "1-0"]
[WhiteElo "1339"]
[BlackElo "778"]
[PlyCount "79"]
[EventDate "2014.12.27"]
[EventType "team-swiss"]
[EventRounds "7"]
[EventCountry "GER"]
[SourceTitle "EXT 2016"]
[Source "ChessBase"]
[SourceDate "2015.10.08"]
[SourceVersion "1"]
[SourceVersionDate "2015.10.08"]
[SourceQuality "1"]
[WhiteTeam "Gera"]
[BlackTeam "Heitersheim"]
[WhiteTeamCountry "GER"]
[BlackTeamCountry "GER"]

1. e4 e5 2. Nf3 Nc6 3. Bc4 Nf6 4. d3 h6 5. 0-0 Bc5 6. c3 d6 7. b4 Bb6 8. a4 a6 9. a5 Ba7 10. Nbd2 0-0 11. h3 b5 12. axb6 Bxb6 13. b5 Na5 14. Re1 Nxc4 15. Nxc4 Be6 16. Nxb6 cxb6 17. bxa6 Qc8 18. a7 Qxc3 19. Be3 Qc6 20. Qc1 Qb7 21. Qa3 d5 22. Nxe5 Rac8 23. Re2 b5 24. Bc5 dxe4 25. dxe4 Nxe4 26. Bxf8 Rxf8 27. a8Q Rxa8 28. Qxa8+ Qxa8 29. Rxa8+ Kh7 30. Rxe4 Bd5 31. Rea4 bxa4 32. Rxa4 Bb3 33. Ra7 Kg8 34. Ra8+ Kh7 35. Rf8 f6 36. Rb8 Bd5 37. Rb5 Bg8 38. Nd7 Kg6 39. g4 Bf7 40. Nf8# 1-0